Skills and educational mismatch in the Czech Republic: comparison of different approaches applied on PIAAC data
Súvisiace a rozdielne koncepty nadobúdania vzdelania a praxe. Príčiny nezhody na trhu práce. Spôsoby merania nezhody medzi praxou a vzdelaním. Dáta z výskumnej správy PIAAC (Programme for the Internantional Assessment of Adult Competencies). Porovnanie v zmysle distribúcie nezhody medzi demografický...
Saved in:
| Main Author: | |
|---|---|
| Other Authors: | |
| Format: | Book Chapter |
| Language: | English |
| Subjects: | |
| Tags: |
No Tags, Be the first to tag this record!
|
MARC
| LEADER | 00000naa a2200000 4500 | ||
|---|---|---|---|
| 001 | 0193502 | ||
| 005 | 20220729111941.1 | ||
| 041 | 0 | |a eng | |
| 044 | |a CZ | ||
| 245 | 1 | 0 | |a Skills and educational mismatch in the Czech Republic: comparison of different approaches applied on PIAAC data |c Tomáš Rašovec, Tereza Vavřinová |
| 520 | |a Súvisiace a rozdielne koncepty nadobúdania vzdelania a praxe. Príčiny nezhody na trhu práce. Spôsoby merania nezhody medzi praxou a vzdelaním. Dáta z výskumnej správy PIAAC (Programme for the Internantional Assessment of Adult Competencies). Porovnanie v zmysle distribúcie nezhody medzi demografickými skupinami. | ||
| 610 | 2 | 0 | |a vzdelávanie |
| 610 | 2 | 0 | |a teória a prax |
| 610 | 2 | 0 | |a škola a prax |
| 610 | 2 | 0 | |a zručnosti |
| 610 | 2 | 0 | |a kvalifikácia |
| 610 | 2 | 0 | |a disproporcionalita |
| 610 | 2 | 0 | |a trh práce |
| 100 | 1 | |a Rašovec, Tomáš | |
| 700 | 1 | |a Vavřinová, Tereza | |